000 00765nam a2200217Ii 4500
003 JO-AjNU
008 230605s9999||||xx |||||||||||||| ||und||
017 _a1999/1/118
040 _aJO-AjNU
_bara
_erda
_cJO-AjNU
041 _aara
050 1 4 _aJS585.S53.2013
100 3 _aشطناوي، فيصل,
_eauthor
_953193
245 0 0 _aحقوق الإنسان والقانون الدولي الإنساني في القوانين والشرائع الدولية والوطنية
250 _aط4
264 3 1 _aعمان : مطابع الدستور، 2013
300 _a303ص
336 _atext
_btxt
_2rdacontent
337 _aunmediated
_bn
_2rdamedia
338 _avolume
_bnc
_2rdacarrier
650 4 _a  حقوق الإنسان (قانون دولي) 
_953194
999 _aA23609
_c27177
_d27177